000 00774nam a2200241Ia 4500
001 1254
003 GE_BSU
008 181216s||||||||xx |||||||||||||| ||und||
020 _a9789941907432
040 _cGE_BSU
080 _a632.9
100 _aალექსიძე გურამ.
245 _aვაზის დაცვა მავნე ორგანიზმებისაგან.
245 _cრედ.ალექსიძე გურამ.
260 _aთბილისი.
260 _bლეგა.
260 _c2009.
300 _a115 გვ. 20სმ.
541 _h5ლ.
653 _aვაზი.
653 _aვაზის დაცვა მავნე ორგანიზმებისაგან.
942 _cBK
999 _c35400
_d35400